000
00316nam a22001457a 4500
008
210528b ||||| |||| 00| 0 eng d
020
_a
0917304756
041
_a
eng
080
_a
574
082
_a
574
100
_a
9
101
_a
MJE
245
_a
Plants that merit Attention
_c
Janet M, Poor
942
_2
udc
_c
BK
999
_c
57804
_d
57804